00567nam a2200169Ia 4500001001000000003000500010008004100015010001100056040000900067100004200076245010700118260003500225300001000260502007000270650001800340710003900358Para_1218CHAP220125s1997 xx 000 0 und d a199944 cCHAP aGutiérrez Salazar, Estrella Leticia aEfecto de sitemas de labranza sobre la humedad del suelo /c por Estrella Leticia Gutiérrez Salazar aChapingo, Méx. :b El autor a87 h. aTesis (Ing. Agr. Esp. Irrigación), UACh. Depto. de Irrigación aLabranza cero aUACh. Departamento de Irrigación